000
00338nam a2200145Ia 4500
008
100122s9999 xx 000 0 und d
082
_b
66994
_a
823
100
_a
PATTERSON JAMES
245
_a
3RD DEGREE
260
_b
HEADLINE BOOK PUBLISHING
_c
2005
300
_a
376
630
_a
3RD DEGREE
730
_a
3RD DEGREE
942
_c
BOOK
999
_c
380689
_d
380686